LIBRARY & INFORMATION CENTRE, KCAET, TAVANUR

ONLINE PUBLIC ACCESS CATALOGUE (OPAC)

A.V aids in community development / (Record no. 6479)

MARC details
000 -LEADER
fixed length control field 00408cam a2200169ua 4500
041 ## - LANGUAGE CODE
Language code of text/sound track or separate title eng
082 ## - DEWEY DECIMAL CLASSIFICATION NUMBER
Classification number 370.14
Item number AHL/AV
100 ## - MAIN ENTRY--AUTHOR NAME
Personal name Ahluwalia, S.L .
245 ## - TITLE STATEMENT
Title A.V aids in community development /
260 ## - PUBLICATION, DISTRIBUTION, ETC. (IMPRINT)
Place of publication New Delhi :
Name of publisher NCERT ,
Year of publication 1964.
300 ## - PHYSICAL DESCRIPTION
Number of Pages 48 ; .
942 ## - ADDED ENTRY ELEMENTS (KOHA)
Koha item type Books
Holdings
Withdrawn status Lost status Damaged status Home library Current library Date acquired Full call number Accession Number Koha item type Public note
Withdrawn     KAUAET KAUAET 07/04/2012 370.14 4731 Books Deleted
free website counter